[Event "SWE-chT 0607"]
[Site "Sweden"]
[Date "2006.10.21"]
[Round "2"]
[White "Hammar, Ulf"]
[Black "Bengtsson, Jan"]
[Result "1/2-1/2"]
[WhiteElo "2146"]
[BlackElo "2064"]
[PlyCount "165"]
[EventDate "2006.10.20"]
[EventType "team"]
[EventRounds "11"]
[EventCountry "SWE"]
[SourceTitle "EXT 2009"]
[Source "ChessBase"]
[SourceDate "2008.11.26"]
[SourceVersion "1"]
[SourceVersionDate "2008.11.26"]
[SourceQuality "1"]
[WhiteTeam "Umea Rockaden"]
[BlackTeam "Astorp"]
[WhiteTeamCountry "SWE"]
[BlackTeamCountry "SWE"]

1. d4 c6 2. c4 d5 3. Nf3 Nf6 4. Nc3 Qb6 5. g3 Bf5 6. Bg2 e6 7. 0-0 h6 8. Re1 Be7 9. Ne5 0-0 10. e4 dxe4 11. Nxe4 Rd8 12. Nxf6+ Bxf6 13. Qh5 Bxe5 14. dxe5 Bg6 15. Qf3 Qb4 16. Qc3 Na6 17. Be3 Qxc3 18. bxc3 Bd3 19. Bf1 c5 20. Bg2 Rab8 21. Red1 b6 22. Bf1 Bc2 23. Rxd8+ Rxd8 24. Be2 Kf8 25. a4 Nb8 26. a5 Nc6 27. axb6 axb6 28. Ra6 Nxe5 29. Rxb6 Rc8 30. Rb5 Nd7 31. Rb2 Be4 32. Rd2 Ke7 33. Bf4 Rc6 34. Ra2 Rb6 35. f3 Bb1 36. Ra1 Bc2 37. Kf2 e5 38. Be3 Bf5 39. Ra7 Kd6 40. g4 Be6 41. Ra8 Rb3 42. Rg8 f5 43. Rxg7 f4 44. Bd2 Rb2 45. Ke1 Nf8 46. Bd3 Ra2 47. h4 Ra1+ 48. Ke2 Ra4 49. Rb7 Nd7 50. g5 hxg5 51. hxg5 Ra8 52. g6 Rh8 53. Ra7 Ke7 54. Be1 Rh1 55. Bf2 Kf6 56. Ra6 Ke7 57. g7 Bg8 58. Ra8 Kf7 59. Ra7 Ke6 60. Be4 Nf6 61. Bd5+ Nxd5 62. cxd5+ Kf6 63. Bxc5 Bxd5 64. Bf8 Rh3 65. Ra5 Bc4+ 66. Kf2 Rh2+ 67. Ke1 Re2+ 68. Kd1 Re3 69. Rc5 Bb3+ 70. Kd2 Rxf3 71. c4 Rg3 72. Rc6+ Kf5 73. Rc5 Ke6 74. Rc6+ Kf5 75. Rc5 Rg6 76. Kc3 Rg3+ 77. Kb4 Bc2 78. Bd6 Rxg7 79. Rxe5+ Kg4 80. Kc3 Bf5 81. Re1 Bg6 82. Rg1+ Kf5 83. Rf1 1/2-1/2

[Event "SWE-ch U20"]
[Site "Gothenburg"]
[Date "2005.07.??"]
[Round "7"]
[White "Hammar, Ulf"]
[Black "Blomqvist, Erik"]
[Result "1/2-1/2"]
[WhiteElo "2117"]
[BlackElo "2137"]
[PlyCount "82"]
[EventDate "2005.07.??"]
[EventType "tourn"]
[EventRounds "13"]
[EventCountry "SWE"]
[SourceTitle "EXT 2006"]
[Source "ChessBase"]
[SourceDate "2005.11.24"]
[SourceVersion "1"]
[SourceVersionDate "2005.11.24"]
[SourceQuality "1"]

1. d4 Nf6 2. Bg5 e6 3. e4 c5 4. d5 h6 5. Bxf6 Qxf6 6. Nc3 a6 7. Nf3 e5 8. a4 b6 9. Nd2 d6 10. Nc4 Nd7 11. Be2 g6 12. 0-0 h5 13. Rb1 Qd8 14. b4 Qc7 15. bxc5 bxc5 16. a5 Rb8 17. Na4 Be7 18. Nab6 0-0 19. Rb3 Nf6 20. Nxc8 Rfxc8 21. Nb6 Rd8 22. Bd3 Nd7 23. Qb1 c4 24. Nxc4 Nc5 25. Rxb8 Rxb8 26. Qa2 Rb4 27. Rb1 Rxb1+ 28. Qxb1 Nxe4 29. Qb6 Qxb6 30. axb6 Nc5 31. Na5 Bd8 32. Nb3 Nd7 33. b7 Nb8 34. Nc1 Kf8 35. Na2 Ba5 36. Kf1 Ke7 37. Ke2 Kd7 38. c3 Kc7 39. Bc2 Kxb7 40. Ba4 Kc7 41. Be8 Nd7 1/2-1/2

[Event "SWE-ch U20"]
[Site "Gothenburg"]
[Date "2005.07.??"]
[Round "1"]
[White "Hammar, Ulf"]
[Black "Norberg, Johan"]
[Result "1-0"]
[WhiteElo "2117"]
[BlackElo "2219"]
[PlyCount "69"]
[EventDate "2005.07.??"]
[EventType "tourn"]
[EventRounds "13"]
[EventCountry "SWE"]
[SourceTitle "EXT 2006"]
[Source "ChessBase"]
[SourceDate "2005.11.24"]
[SourceVersion "1"]
[SourceVersionDate "2005.11.24"]
[SourceQuality "1"]

1. d4 g6 2. Nf3 Bg7 3. g3 d6 4. Bg2 Nd7 5. 0-0 e5 6. c4 Ngf6 7. Nc3 0-0 8. e4 c6 9. h3 Re8 10. d5 cxd5 11. cxd5 Nc5 12. Qc2 Bd7 13. b4 Na6 14. Qb3 Rc8 15. Be3 Rxc3 16. Qxc3 Nxe4 17. Qc4 Nf6 18. Rac1 b5 19. Qb3 Nc7 20. Nd2 Qb8 21. Nb1 Qb7 22. Rfd1 Nh5 23. Qa3 Na6 24. Qa5 e4 25. Nc3 Nf6 26. Bf1 Rb8 27. a4 Nc7 28. Nxe4 Ncxd5 29. Nxd6 Qa8 30. Bxa7 Nxb4 31. axb5 Nfd5 32. Bg2 Bf8 33. b6 Bc6 34. Rxc6 Qxc6 35. Bxb8 1-0

[Event "SWE-ch U20"]
[Site "Gothenburg"]
[Date "2005.07.??"]
[Round "11"]
[White "Hammar, Ulf"]
[Black "Sagit, Rauan"]
[Result "0-1"]
[WhiteElo "2117"]
[BlackElo "2174"]
[PlyCount "70"]
[EventDate "2005.07.??"]
[EventType "tourn"]
[EventRounds "13"]
[EventCountry "SWE"]
[SourceTitle "EXT 2006"]
[Source "ChessBase"]
[SourceDate "2005.11.24"]
[SourceVersion "1"]
[SourceVersionDate "2005.11.24"]
[SourceQuality "1"]

1. d4 Nf6 2. c4 e6 3. Nf3 b6 4. g3 Bb7 5. Bg2 Be7 6. 0-0 0-0 7. Nc3 Ne4 8. Qc2 Nxc3 9. Qxc3 c5 10. Qd3 cxd4 11. Ng5 Bxg5 12. Bxb7 Bxc1 13. Raxc1 Nc6 14. Bxa8 Qxa8 15. Rfd1 Rd8 16. c5 Rb8 17. cxb6 Rxb6 18. b3 h6 19. Rc5 a5 20. Rb5 Nb4 21. Qc4 Rxb5 22. Qxb5 Qe4 23. Qxa5 Qxe2 24. Rxd4 Nc6 25. Qa8+ Kh7 26. Rf4 f5 27. h4 Ne5 28. Qg2 g5 29. hxg5 hxg5 30. Qh3+ Kg6 31. Ra4 Nf3+ 32. Kg2 Nd2 33. Kg1 Qe1+ 34. Kg2 Qf1+ 35. Kh2 Nf3# 0-1

[Event "SWE-ch U20 qaul"]
[Site "Stockholm"]
[Date "2005.06.17"]
[Round "7"]
[White "Hammar, Ulf"]
[Black "Agrest, Inna"]
[Result "1-0"]
[WhiteElo "2117"]
[BlackElo "1984"]
[PlyCount "113"]
[EventDate "2005.06.11"]
[EventType "tourn"]
[EventRounds "9"]
[EventCountry "SWE"]
[SourceTitle "CBM 106 Extra"]
[Source "ChessBase"]
[SourceDate "2005.07.01"]
[SourceVersion "1"]
[SourceVersionDate "2005.07.01"]
[SourceQuality "1"]

1. d4 Nf6 2. c4 g6 3. Nc3 Bg7 4. e4 d6 5. g3 Nbd7 6. Bg2 e5 7. Nf3 0-0 8. 0-0 Re8 9. h3 c6 10. Be3 a5 11. Qc2 exd4 12. Nxd4 Ne5 13. b3 h5 14. Rad1 Qe7 15. Bc1 Ned7 16. Bf4 Nc5 17. Nf5 gxf5 18. Bxd6 Qe6 19. exf5 Qxf5 20. Qxf5 Bxf5 21. Bxc5 Nd7 22. Bd4 Ne5 23. f4 Nd3 24. Bxg7 Kxg7 25. g4 hxg4 26. hxg4 Bh7 27. f5 Nb4 28. Rd7 Re3 29. Rf3 Rae8 30. Kf2 Re1 31. Rxb7 Nxa2 32. Nxa2 R8e2+ 33. Kg3 Rxa2 34. Bf1 Re8 35. Rc7 Rd2 36. Rxc6 Rd7 37. Ra6 Re5 38. Kf4 Re8 39. Rxa5 Rd4+ 40. Kg3 Ree4 41. Bh3 Re8 42. Ra7 Red8 43. c5 Rc8 44. Rc3 Kf6 45. Rb7 Bxf5 46. gxf5 Rg8+ 47. Kf3 Kg5 48. c6 Rf4+ 49. Kg3 Rd4 50. c7 Kh5+ 51. Kf3 Kh4 52. Rc4 Rxc4 53. bxc4 Rc8 54. Bg4 f6 55. Rb8 Rxc7 56. Rh8+ Kg5 57. Rh5# 1-0

[Event "SWE-ch U20 qaul"]
[Site "Stockholm"]
[Date "2005.06.12"]
[Round "2"]
[White "Hammar, Ulf"]
[Black "Zadruzny, Nicolaj"]
[Result "1-0"]
[WhiteElo "2117"]
[BlackElo "2077"]
[PlyCount "65"]
[EventDate "2005.06.11"]
[EventType "tourn"]
[EventRounds "9"]
[EventCountry "SWE"]
[SourceTitle "CBM 106 Extra"]
[Source "ChessBase"]
[SourceDate "2005.07.01"]
[SourceVersion "1"]
[SourceVersionDate "2005.07.01"]
[SourceQuality "1"]

1. d4 f5 2. c4 Nf6 3. Nc3 e6 4. g3 Bb4 5. Bg2 0-0 6. Nf3 Ne4 7. Bd2 Bxc3 8. Bxc3 d6 9. Qc2 Nd7 10. 0-0 Qe7 11. Bb4 c5 12. Ba3 e5 13. e3 b6 14. Nd2 Nxd2 15. Qxd2 e4 16. dxc5 Nxc5 17. Rfd1 Rd8 18. Bxc5 bxc5 19. Qc3 Bb7 20. Rd2 Rd7 21. Bf1 Rad8 22. Rad1 Kf8 23. Qa5 Bc6 24. b4 cxb4 25. Qxf5+ Qf6 26. Qxf6+ gxf6 27. Bh3 Ba4 28. Bxd7 Bxd1 29. Bf5 Bf3 30. c5 b3 31. c6 bxa2 32. Rxa2 Rb8 33. Ra1 1-0

[Event "SWE-ch U20 qaul"]
[Site "Stockholm"]
[Date "2005.06.11"]
[Round "1"]
[White "Lissang, Christopher"]
[Black "Hammar, Ulf"]
[Result "1/2-1/2"]
[WhiteElo "2074"]
[BlackElo "2117"]
[PlyCount "81"]
[EventDate "2005.06.11"]
[EventType "tourn"]
[EventRounds "9"]
[EventCountry "SWE"]
[SourceTitle "CBM 106 Extra"]
[Source "ChessBase"]
[SourceDate "2005.07.01"]
[SourceVersion "1"]
[SourceVersionDate "2005.07.01"]
[SourceQuality "1"]

1. d4 d5 2. c4 c6 3. Nf3 Nf6 4. cxd5 cxd5 5. Nc3 e6 6. Bf4 Be7 7. e3 0-0 8. Bd3 Nc6 9. a3 Nh5 10. Bg3 Nxg3 11. hxg3 f5 12. g4 g6 13. gxf5 exf5 14. Qb3 Be6 15. Qxb7 Na5 16. Qa6 Rf6 17. Be2 f4 18. Qd3 Bf5 19. Qb5 Rd6 20. Qa4 fxe3 21. fxe3 Re6 22. Ne5 Bh4+ 23. Kd2 Bg5 24. Nd1 Qb6 25. Nf3 Bxe3+ 26. Ke1 Rae8 27. Qd7 R6e7 28. Qxd5+ Be6 29. Qb5 Bxd4 30. Kf1 Nb3 31. Qa4 Bc5 32. Rb1 Rf8 33. Ke1 Qd6 34. Qh4 Bf5 35. Qc4+ Be6 36. Qh4 Rfe8 37. Kf1 Bf5 38. Bc4+ Be6 39. Nf2 Na5 40. Bb5 Rb8 41. Ne4 1/2-1/2